000 00623nam a22002177a 4500
999 _c14035
_d14035
003 AR-CdUCM
008 190417b ||||| |||| 00| 0 spa d
040 _aMUNICIPALIDAD PROVINCIAL DEL CUSCO
_cBIBLIOTECA MUNICIPAL DEL CUSCO
082 _a868.51 /
_bG88
100 _aGuevara, Pablo
_915881
245 _aLos Habitantes 1952 - 1959 /
260 _aLima :
_bEdiciones de la rama florida,
_c1965.
300 _a64 paginas ;
_c21 cm.
500 _aPoesias
650 _aPoesias
_92556
650 _aLiteratura
_983
650 _aSiglo XX
_98
650 _aPerĂº
_935
942 _2ddc
_cLIBROS
945 _apjha
_d2019-04-17